000 00650nam a2200205Ia 4500
020 _a9251053979
040 _cOSU
082 _a639 FOO 2005 A090 Or.
100 1 _aCadima, Emygdio L.
245 1 0 _aSampling methods applied to fisheries science :
_ba manual /
260 _aRome :
_bFood and Agriculture Organization of the United Nations,
_cc2005
300 _aviii, 88 p. :
_bill. ;
_c30 cm
490 1 _aFAO fisheries technical paper,
650 0 _aFishes
650 0 _aFishery resources
650 0 _aFish populations
650 0 _aFish stock assessment
710 2 _aFood and Agriculture Organization of the United Nations
942 _cEK
999 _c15968
_d15968